YOGA MODEL Q&A, (Record no. 204751)
[ view plain ]
| 000 -LEADER | |
|---|---|
| fixed length control field | 00651nam a22001937a 4500 |
| 005 - DATE AND TIME OF LATEST TRANSACTION | |
| control field | 20240802143452.0 |
| 010 ## - LCCN (DPL NO) | |
| LC control number | ENG-137486 |
| 020 ## - INTERNATIONAL STANDARD BOOK NUMBER | |
| Terms of availability | 655.00 |
| International Standard Book Number | 9789355301871 |
| 035 ## - SYSTEM CONTROL NUMBER | |
| System control number | EN-122121 |
| 037 ## - SOURCE OF ACQUISITION | |
| Source of stock number/acquisition | DBAD/PUB |
| 082 ## - DEWEY DECIMAL CLASSIFICATION NUMBER | |
| Classification number | 181.432 |
| 100 ## - MAIN ENTRY--PERSONAL NAME | |
| Personal name | Tamilselvi.,K |
| 245 ## - TITLE STATEMENT | |
| Title | YOGA MODEL Q&A, |
| Remainder of title | NATIONAL TESTING ANGENY ( NTA) UGC - NET/ |
| Statement of responsibility, etc | Mrs.K. Tamilselvi., and Dr.V. Duraisami., |
| 250 ## - EDITION STATEMENT | |
| Edition statement | 1 |
| 260 ## - PUBLICATION, DISTRIBUTION, ETC. (IMPRINT) | |
| Place of publication, distribution, etc | Kanchipuram |
| Name of publisher, distributor, etc | KANCHI YOGA VIDHYALAYA PUBLICATIONS |
| Date of publication, distribution, etc | 2022 |
| 270 ## - ADDRESS | |
| City | Kanchipuram |
| Address | No. 72/161, S.V.N street, Kanchipuram |
| Postal code | 631502 |
| Telephone number | 7010798108 |
| 300 ## - PHYSICAL DESCRIPTION | |
| Extent | 408vpp. |
| Dimensions | 28cm(pbk) |
| 942 ## - ADDED ENTRY ELEMENTS (KOHA) | |
| Source of classification or shelving scheme | Dewey Decimal Classification |
| Item type | English Books |
| Classification part | 181.432 |
| Call number suffix | TAM |
No items available.
